000 00644nam a2200205 a 4500
001 62133
005 20180714064035.0
008 150226s2007 xxu 000 0 spa d
020 _a978-1-59102-449-1
082 0 _a297.265
_bEDI
100 1 _aEdis, Taner
_eautor
245 1 0 _aAn illusion of harmony :
_bscience and religion in islam /
_cTaner Edis.
264 1 _aEstados Unidos de América :
_bTaner Edis,
_c2007
300 _a265 páginas ;
_c23 cm.
336 _atexto
_2rdacontent
337 _asin mediación
_2rdamedia
338 _avolumen
_2rdacarrier
650 0 4 _aIslamismo
_xCiencia
650 0 4 _aIslamismo
_xRazón
999 _c62133
_d62133